NLSUI OPAC header image

Sociology - capitalism - critique / (Record no. 15007)

MARC details
000 -LEADER
fixed length control field 01994cam a2200241 i 4500
001 - CONTROL NUMBER
control field 18511076
005 - DATE AND TIME OF LATEST TRANSACTION
control field 20251224050151.0
008 - FIXED-LENGTH DATA ELEMENTS--GENERAL INFORMATION
fixed length control field 150302s2015 enk b 001 0 eng
010 ## - LIBRARY OF CONGRESS CONTROL NUMBER
LC control number 2015005785
020 ## - INTERNATIONAL STANDARD BOOK NUMBER
International Standard Book Number 9781781689318
035 ## - SYSTEM CONTROL NUMBER
System control number 18511076
082 00 - DEWEY DECIMAL CLASSIFICATION NUMBER
Classification number 306.3 DOR
100 1# - MAIN ENTRY--PERSONAL NAME
Personal name Dörre, Klaus.
245 10 - TITLE STATEMENT
Title Sociology - capitalism - critique /
Statement of responsibility, etc. Klaus Dörre, Stephan Lessenich, Hartmut Rosa ; translated by Jan-Peter Herrmann and Loren Balhorn.
264 #1 - PRODUCTION, PUBLICATION, DISTRIBUTION, MANUFACTURE, AND COPYRIGHT NOTICE
Place of production, publication, distribution, manufacture London :
Name of producer, publisher, distributor, manufacturer Verso,
Date of production, publication, distribution, manufacture, or copyright notice 2015.
300 ## - PHYSICAL DESCRIPTION
Extent ix, 342 p. ;
Dimensions 21 cm
505 ## - FORMATTED CONTENTS NOTE
Formatted contents note Introduction: Sociology, capitalism, critique towards the revitalisation of an elective affinity Dörre, Rosa, and Lessenich; The new Landnahme: dynamics and limits of financial market capitalism Klaus Dörre; Capitalism as a spiral of dynamisation: sociology as social critique Hartmut Rosa; Mobility and control: on the dialectic of the active society / Stephan Lessenich; Capitalism, acceleration, activation: a criticism Klaus Dörre; Temporary workers and active citizens: what is wrong with late modern capitalism Hartmut Rosa; Artistic or social critique: on the problematisation of a false alternative Stephan Lessenich Landnahme; Social conflict, alternatives: (more than) a riposte Klaus Dörre; Antagonists and critical integrationists: or what do we do with the spoiled pie Hartmut Rosa; The system in/on the subject: or when three people quarrel, (critical) sociology rejoices Stephan Lessenich; Conclusion: Landnahme, acceleration, activation a preliminary appraisal in the process of social transformation [Dörre, Rosa, and Lessenich; Social capitalism in crisis: from the internal to the external Landnahme Klaus Dörre; Escalation: the crisis of dynamic stabilisation and the prospect of resonance Hartmut Rosa; Structural problems of growth capitalism Stephan Lessenich
650 #0 - SUBJECT ADDED ENTRY--TOPICAL TERM
Topical term or geographic name entry element Capitalism
General subdivision Social aspects.
650 #0 - SUBJECT ADDED ENTRY--TOPICAL TERM
Topical term or geographic name entry element Sociology.
700 1# - ADDED ENTRY--PERSONAL NAME
Personal name Lessenich, Stephan.
700 1# - ADDED ENTRY--PERSONAL NAME
Personal name Rosa, Hartmut
942 ## - ADDED ENTRY ELEMENTS (KOHA)
Source of classification or shelving scheme Dewey Decimal Classification
Koha item type BOOKs
Holdings
Withdrawn status Lost status Damaged status Not for loan Home library Current library Shelving location Date acquired Cost, normal purchase price Total Checkouts Full call number Barcode Date last seen Price effective from Koha item type
        . . Library Compactors 30.05.2017 1837.16   346.078 BHA-2 15072 30.05.2017 30.05.2017 BOOKs